00405nam a2200133 a 4500008004100000050001300041100002100054245008300075260004000158300001500198350000900213490003500222650001400257080930s2007 ||||||||||||||||| || u aIBRD(08) aDavid, Antonio C10aAre Price-Based capital account regulations effective in developing countries? aWashington, D. C.bWorld Bankc2007 a27p.: ill. a0.00 aPolicy Research Working Papers 0aECONOMICS